[Event "Xabia Region-ch Preferente"]
[Site "Xabia"]
[Date "2015.11.21"]
[Round "7.3"]
[White "Arnot, Bob"]
[Black "Daza Lopez, Andres Felipe"]
[Result "1-0"]
[WhiteElo "1815"]
[BlackElo "1733"]
[PlyCount "67"]
[EventDate "2015.10.03"]
[EventType "swiss"]
[EventRounds "7"]
[EventCountry "ESP"]
[SourceTitle "EXT 2024"]
[Source "ChessBase"]
[SourceDate "2023.10.10"]
[SourceVersion "1"]
[SourceVersionDate "2023.10.10"]
[SourceQuality "1"]

1. d4 Nf6 2. Nf3 g6 3. Nc3 Bg7 4. e4 d6 5. Be3 0-0 6. Qd2 Ng4 7. Bg5 h6 8. Bh4 Kh7 9. h3 Nf6 10. Bd3 Nbd7 11. e5 dxe5 12. dxe5 Ng8 13. 0-0-0 Qe8 14. Nd5 Nxe5 15. Nxe5 Bxe5 16. Bg3 Bxg3 17. fxg3 Qc6 18. Qf4 Be6 19. Nxc7 Rac8 20. Nxe6 Qxe6 21. Kb1 Qf6 22. h4 e5 23. Qe4 Qg7 24. h5 Ne7 25. g4 Kg8 26. hxg6 fxg6 27. Rhe1 Nc6 28. Rf1 g5 29. Rf5 Rxf5 30. gxf5 Qf6 31. Bc4+ Kh8 32. g4 Nd4 33. Bb3 Rc7 34. Rxd4 1-0

[Event "Xabia Region-ch Preferente"]
[Site "Xabia"]
[Date "2015.11.07"]
[Round "5.2"]
[White "Cervera Tur, Enrique"]
[Black "Arnot, Bob"]
[Result "0-1"]
[WhiteElo "1678"]
[BlackElo "1815"]
[PlyCount "108"]
[EventDate "2015.10.03"]
[EventType "swiss"]
[EventRounds "7"]
[EventCountry "ESP"]
[SourceTitle "EXT 2024"]
[Source "ChessBase"]
[SourceDate "2023.10.10"]
[SourceVersion "1"]
[SourceVersionDate "2023.10.10"]
[SourceQuality "1"]

1. e4 d5 2. exd5 Nf6 3. d4 Bg4 4. Nf3 Qxd5 5. Nc3 Qd6 6. Be2 e6 7. 0-0 Be7 8. Nb5 Qd8 9. c4 c6 10. Nc3 Nbd7 11. Ne5 Bxe2 12. Qxe2 Qc7 13. Bf4 Nxe5 14. dxe5 Nd7 15. Rad1 0-0-0 16. a3 g5 17. Bg3 h5 18. h3 h4 19. Bh2 Rdg8 20. b4 g4 21. hxg4 h3 22. Rd3 hxg2 23. Rfd1 Nf6 24. Rg3 Nd7 25. Rxg2 Rxh2 26. Rxh2 Nxe5 27. Rg2 Ng6 28. Qe3 b6 29. Ne2 Nh4 30. Rg3 Bd6 31. f4 Ng6 32. Rf1 e5 33. fxe5 Nxe5 34. Rg2 Nxc4 35. Qd3 Ne5 36. Qh7 Re8 37. Qf5+ Kb8 38. Qc2 b5 39. a4 Qb6+ 40. Kh1 Rh8+ 41. Rh2 Rxh2+ 42. Kxh2 Nxg4+ 43. Kh3 Ne3 44. Qe4 Nxf1 45. Qe8+ Kb7 46. Qxf7+ Qc7 47. Qxf1 Qh7+ 48. Kg2 Qe4+ 49. Kh3 Qe3+ 50. Kg2 Qe4+ 51. Kh3 bxa4 52. Qf7+ Qe7 53. Qh5 Qe6+ 54. Kh4 Qe4+ 0-1

[Event "Xabia Region-ch Preferente"]
[Site "Xabia"]
[Date "2015.10.24"]
[Round "3.6"]
[White "Arnot, Bob"]
[Black "Graeme, Campbell"]
[Result "1-0"]
[WhiteElo "1815"]
[BlackElo "1290"]
[PlyCount "65"]
[EventDate "2015.10.03"]
[EventType "swiss"]
[EventRounds "7"]
[EventCountry "ESP"]
[SourceTitle "EXT 2024"]
[Source "ChessBase"]
[SourceDate "2023.10.10"]
[SourceVersion "1"]
[SourceVersionDate "2023.10.10"]
[SourceQuality "1"]

1. d4 Nf6 2. Nf3 g6 3. Nc3 Bg7 4. e4 d6 5. Be3 0-0 6. Qd2 c6 7. Bh6 Bg4 8. Bxg7 Kxg7 9. Be2 Qb6 10. 0-0 Nbd7 11. h3 Bxf3 12. Bxf3 Rad8 13. a3 e5 14. d5 Nc5 15. b4 Na6 16. Rfd1 Qd4 17. Qe1 Qb6 18. Be2 Rc8 19. dxc6 Qxc6 20. b5 Qxc3 21. bxa6 b6 22. Qxc3 Rxc3 23. Rxd6 Nxe4 24. Rd7 Rxc2 25. Bf3 Nxf2 26. Rf1 e4 27. Rxf2 Rc1+ 28. Bd1 Ra1 29. a4 Kh6 30. Kh2 f5 31. h4 Rc8 32. g4 Rc4 33. g5# 1-0

[Event "Xabia Region-ch Preferente"]
[Site "Xabia"]
[Date "2013.11.23"]
[Round "7"]
[White "Cavero Cavero, Daniel"]
[Black "Arnot, Bob"]
[Result "0-1"]
[WhiteElo "1964"]
[BlackElo "1842"]
[PlyCount "53"]
[EventDate "2013.10.05"]
[EventType "swiss"]
[EventRounds "7"]
[EventCountry "ESP"]
[SourceTitle "EXT 2024"]
[Source "ChessBase"]
[SourceDate "2023.10.10"]
[SourceVersion "1"]
[SourceVersionDate "2023.10.10"]
[SourceQuality "1"]

1. d4 Nf6 2. c4 g6 3. Nc3 Bg7 4. Nf3 d6 5. e4 0-0 6. h3 e5 7. dxe5 dxe5 8. Be3 Qe7 9. Qc2 c6 10. Be2 Na6 11. Rd1 Nh5 12. Qc1 f5 13. Bg5 Bf6 14. exf5 Bxg5 15. Qxg5 Qxg5 16. Nxg5 Nf4 17. fxg6 hxg6 18. 0-0 Bf5 19. Rfe1 Nc5 20. g4 Bd3 21. b4 Na4 22. Bxd3 Nxc3 23. Rd2 Rad8 24. Re3 e4 25. Bf1 Rxd2 26. Rxc3 Rd1 27. Nxe4 0-1

[Event "Xabia Region-ch Preferente"]
[Site "Xabia"]
[Date "2013.10.26"]
[Round "3"]
[White "Arnot, Bob"]
[Black "Martin Diez, Santiago"]
[Result "1-0"]
[WhiteElo "1842"]
[BlackElo "1785"]
[PlyCount "79"]
[EventDate "2013.10.05"]
[EventType "swiss"]
[EventRounds "7"]
[EventCountry "ESP"]
[SourceTitle "EXT 2024"]
[Source "ChessBase"]
[SourceDate "2023.10.10"]
[SourceVersion "1"]
[SourceVersionDate "2023.10.10"]
[SourceQuality "1"]

1. d4 Nf6 2. Nf3 g6 3. Nc3 Bg7 4. e4 d6 5. Be3 0-0 6. Qd2 Nbd7 7. 0-0-0 Ng4 8. Bg5 a6 9. h3 Ngf6 10. e5 Ne8 11. Nd5 f6 12. Bh6 c6 13. Bxg7 Kxg7 14. Nf4 Nb6 15. g4 dxe5 16. Nh5+ gxh5 17. gxh5 e4 18. Rg1+ Kf7 19. Nh4 Nd6 20. Qh6 Rh8 21. Rg7+ Ke6 22. Be2 Kd7 23. Qxf6 Ne8 24. Bg4+ Kc7 25. Rxe7+ Bd7 26. Rxd7+ Nxd7 27. Qxh8 Qxh4 28. Bxd7 Kxd7 29. Qxh7+ Qe7 30. Qf5+ Kc7 31. Qf4+ Nd6 32. Rg1 Rf8 33. Qg3 Rf3 34. Qg6 e3 35. fxe3 Qxe3+ 36. Kb1 Qxd4 37. b3 Ne4 38. Qg7+ Kb6 39. Qxd4+ Nc5 40. b4 1-0

[Event "Provincial-ch Xabia Preferente"]
[Site "Valencia"]
[Date "2011.11.19"]
[Round "6"]
[White "Pont Font, Daniel"]
[Black "Arnot, Bob"]
[Result "1/2-1/2"]
[WhiteElo "1903"]
[BlackElo "1850"]
[PlyCount "81"]
[EventDate "2011.10.01"]
[EventType "swiss"]
[EventRounds "7"]
[EventCountry "ESP"]
[SourceTitle "EXT 2024"]
[Source "ChessBase"]
[SourceDate "2023.10.10"]
[SourceVersion "1"]
[SourceVersionDate "2023.10.10"]
[SourceQuality "1"]

1. d4 Nf6 2. Nf3 g6 3. c4 Bg7 4. Nc3 d6 5. e4 0-0 6. Be2 e5 7. 0-0 Nc6 8. d5 Ne7 9. Ne1 Nd7 10. Be3 f5 11. f3 f4 12. Bf2 g5 13. Nd3 Ng6 14. c5 Nf6 15. Rc1 Rf7 16. cxd6 cxd6 17. Qc2 Ne8 18. Nb5 a6 19. Nc3 h5 20. Na4 g4 21. Qb3 g3 22. hxg3 fxg3 23. Bxg3 h4 24. Bf2 Bh6 25. Rc2 Nf4 26. Nxf4 Bxf4 27. Nb6 h3 28. g4 Rb8 29. Nxc8 Rxc8 30. Rxc8 Qxc8 31. Be3 b5 32. Rc1 Qd8 33. Kh1 Qh4 34. Rg1 h2 35. Rc1 Rc7 36. Rd1 Qg3 37. Rf1 Nf6 38. Bf2 Qh3 39. Be3 Qg3 40. Bf2 Qh3 41. Be3 1/2-1/2